Countries with GDP per capita closest to global average - Statistics

General Stats
  • This quiz has been taken 18 times
  • The average score is 12 of 21
Answer Stats
Global ranking GDP per capita (2022) Country % Correct
82 $15,553 Brazil
89%
78 $16,935 Iraq
83%
70 $18,656 Mexico
83%
83 $15,432 Serbia
83%
81 $16,064 Dominican Republic
72%
74 $17,910 Thailand
72%
69 $18,896 Belarus
67%
79 $16,842 China
67%
85 $15,290 North Macedonia
67%
86 $15,191 Suriname
67%
84 $15,293 Algeria
61%
75 $17,450 Azerbaijan
61%
76 $17,110 Costa Rica
61%
67 $19,673 Libya
56%
68 $19,355 Montenegro
56%
73 $18,031 Turkmenistan
56%
71 $18,559 Barbados
44%
77 $17,024 Botswana
33%
80 $16,688 Maldives
28%
72 $18,113 Gabon
17%
Global average $17,100 NONE
6%
No matching quizzes found
Score Distribution
Percent of People with Each Score
Percentile by Number Answered
Your Score History
You have not taken this quiz